[Event "Nat. Club Major"]
[Site "Birmingham ENG"]
[Date "2015.04.11"]
[Round "1.211"]
[White "Homer, Stephen J"]
[Black "Spearman, David"]
[Result "1-0"]
[WhiteElo "184"]
[BlackElo "188"]
[EventDate "2015.04.11"]
[WhiteTeam "Newton Abbot 1"]
[BlackTeam "Wanstead & Woodford 1"]

1.e4 d5 2.exd5 Qxd5 3.Nc3 Qd8 4.Bc4 Nf6 5.Nf3 c6 6.Ne5 e6 7.d4 Be7 8.Be3 
O-O 9.Qf3 Nd5 10.Nxd5 exd5 11.Bd3 f5 12.Qh5 Qe8 13.Qh3 Bd6 14.f4 g6 15.Qg3
Nd7 16.O-O-O Nf6 17.Kb1 Ne4 18.Qe1 Bxe5 19.fxe5 Be6 20.Bh6 Rf7 21.h4 Qe7 
22.Bxe4 dxe4 23.Bg5 Qd7 24.h5 gxh5 25.Bf6 Rxf6 26.exf6 Bf7 27.Qg3+ Bg6 28.
Rxh5 Kf7 29.Rdh1 Qe8 30.Rxh7+ Kxf6 31.R1h6 e3 32.Qh4+ Ke6 33.Rxg6+ Qxg6 
34.Qe7+ Kd5 35.Qc5+ 1-0

[Event "Nat. Club Major"]
[Site "Birmingham ENG"]
[Date "2015.04.11"]
[Round "1.212"]
[White "Reynolds, D Ian W"]
[Black "Fraser, John"]
[Result "1/2-1/2"]
[WhiteElo "186"]
[BlackElo "177"]
[EventDate "2015.04.11"]
[WhiteTeam "Wanstead & Woodford 1"]
[BlackTeam "Newton Abbot 1"]

1.e4 c5 2.c3 Qa5 3.Nf3 Nc6 4.Bc4 e6 5.O-O b5 6.Bb3 c4 7.Bc2 b4 8.b3 cxb3 
9.Bxb3 Nf6 10.Re1 bxc3 11.Nxc3 Bc5 12.Na4 Bd4 13.Nxd4 Nxd4 14.Ba3 Bb7 15.
Bc5 Nxb3 16.axb3 Nxe4 17.Rxe4 Bxe4 18.Qg4 Bg6 19.Qd4 f6 20.Nb6 axb6 21.
Rxa5 Rxa5 22.Bxb6 Rd5 23.Qc3 Kf7 24.Ba5 Rb8 25.f3 Rd3 26.Qc7 Rbxb3 27.Bc3 
Rb5 28.Kf2 Rdd5 29.Qc8 Bd3 30.Ke3 Rb1 31.Qc7 Re1+ 32.Kf2 Re2+ 33.Kg1 Re1+ 
34.Kf2 Re2+ 1/2-1/2

[Event "Nat. Club Major"]
[Site "Birmingham ENG"]
[Date "2015.04.11"]
[Round "1.213"]
[White "Wilson, Matthew R"]
[Black "Hunnable, Ian D"]
[Result "0-1"]
[WhiteElo "157"]
[BlackElo "172"]
[EventDate "2015.04.11"]
[WhiteTeam "Newton Abbot 1"]
[BlackTeam "Wanstead & Woodford 1"]

1.e4 e6 2.d4 d5 3.Nc3 Nf6 4.Bg5 Be7 5.e5 Nfd7 6.h4 c5 7.Nb5 f6 8.exf6 Nxf6
9.Bxf6 Bxf6 10.Qh5+ g6 11.Qh6 a6 12.Na3 cxd4 13.Bd3 Qe7 14.O-O-O Nc6 15.
Nf3 Bd7 16.Qd2 O-O-O 17.Ng5 e5 18.Rde1 h6 19.Nh3 Bxh4 20.g3 Bf6 21.Bxg6 
Qg7 22.Bh5 Rhf8 23.f3 Be7 24.Qd3 Bf5 25.Bg4 Bxg4 26.fxg4 Qxg4 27.Nf2 Rxf2 
0-1

[Event "Nat. Club Major"]
[Site "Birmingham ENG"]
[Date "2015.04.11"]
[Round "1.214"]
[White "Smith, David"]
[Black "Thynne, Trefor F"]
[Result "0-1"]
[WhiteElo "148"]
[BlackElo "168"]
[EventDate "2015.04.11"]
[WhiteTeam "Wanstead & Woodford 1"]
[BlackTeam "Newton Abbot 1"]

1.e4 c5 2.Nf3 Nc6 3.d4 cxd4 4.Nxd4 Nf6 5.Nc3 e5 6.Ndb5 d6 7.Bg5 a6 8.Bxf6 
gxf6 9.Na3 b5 10.Nd5 f5 11.Bd3 Be6 12.c3 Bg7 13.Nc2 O-O 14.Nce3 fxe4 15.
Bxe4 f5 16.Bf3 Ra7 17.a4 bxa4 18.Rxa4 e4 19.Be2 a5 20.Nf4 Bf7 21.g3 Rb7 
22.Qd2 Qd7 23.Ra1 Rfb8 24.Rb1 Ne5 25.O-O Ba2 26.Nh5 Bxb1 27.Rxb1 Kh8 28.
Nxg7 Kxg7 29.Qd5 Rxb2 30.Rxb2 Rxb2 31.Kf1 a4 32.Bb5 Rxb5 0-1

[Event "Nat. Club Major"]
[Site "Birmingham ENG"]
[Date "2015.04.11"]
[Round "1.221"]
[White "Smith, Olivia"]
[Black "Chan, Nevil"]
[Result "1/2-1/2"]
[WhiteElo "181"]
[BlackElo "179"]
[EventDate "2015.04.11"]
[WhiteTitle "WFM"]
[WhiteTeam "Solihull"]
[BlackTeam "Drunken Knights"]

1.e4 b6 2.Nc3 Bb7 3.Nf3 e6 4.d4 Bb4 5.Bd3 Nf6 6.Qe2 d5 7.e5 Ne4 8.Bd2 Nxd2
9.Nxd2 Be7 10.Qg4 O-O 11.h4 Ba6 12.Rh3 Bxd3 13.Rxd3 c5 14.Rg3 g6 15.h5 Nc6
16.hxg6 hxg6 17.O-O-O Kg7 18.Rh1 Qd7 19.Nf3 Rh8 20.Rgh3 Rag8 21.Ne2 Qd8 
22.Nf4 Nxd4 23.Nxd4 cxd4 24.Qxe6 Bg5 25.Qg4 Qe7 26.Kb1 Qxe5 27.Nd3 Qf6 28.
f4 Rxh3 29.Rxh3 Bh6 30.Qf3 Re8 31.Rh1 Re3 32.Qxd5 Bxf4 33.Nxf4 Qxf4 34.Qd8
Qh6 35.Qxd4+ Kg8 36.Rd1 Qg5 37.b3 Qe7 38.g4 Re1 39.Rxe1 Qxe1+ 40.Kb2 Qe6 
41.a4 f5 42.gxf5 gxf5 43.a5 Kf7 44.axb6 axb6 1/2-1/2

[Event "Nat. Club Major"]
[Site "Birmingham ENG"]
[Date "2015.04.11"]
[Round "1.222"]
[White "Foley, John P"]
[Black "Clarke, Neil"]
[Result "0-1"]
[WhiteElo "178"]
[BlackElo "167"]
[EventDate "2015.04.11"]
[WhiteTeam "Drunken Knights"]
[BlackTeam "Solihull"]

1.d4 g6 2.Nf3 Bg7 3.Bf4 Nf6 4.Nc3 O-O 5.h4 d6 6.Qd2 c5 7.d5 b5 8.Nxb5 Qb6 
9.Nc3 e6 10.e4 exd5 11.exd5 Re8+ 12.Be2 Nh5 13.Be3 Qxb2 14.Rb1 Qxc3 15.O-O
Qxd2 16.Nxd2 Nf6 17.c4 Bf5 18.Rb7 h5 19.Nf3 Nbd7 20.Rc1 Reb8 21.Rxb8+ Rxb8
22.Bf4 Ne8 23.Bd1 Rb1 24.Ba4 Rxc1+ 25.Bxc1 Ndf6 26.Bf4 Bd7 27.Bc2 Ng4 28.
Ng5 Ne5 29.Bb3 Nf6 30.f3 a5 31.a4 Ne8 32.Bd2 Nd3 33.Bxa5 Nb2 34.Kf1 Bxa4 
35.Ba2 Bc2 36.Ne4 Bd3+ 37.Ke1 Bxc4 38.Bxc4 Nxc4 39.Bd8 f5 40.Ng5 Bf6 41.
Bxf6 Nxf6 42.Ne6 Nxd5 43.g3 Ne5 44.Ke2 c4 45.f4 Nd3 46.Kd2 Nc5 0-1

[Event "Nat. Club Major"]
[Site "Birmingham ENG"]
[Date "2015.04.11"]
[Round "1.223"]
[White "Carpenter, Raymond"]
[Black "Kane, Robert (Bob) B"]
[Result "1/2-1/2"]
[WhiteElo "164"]
[BlackElo "173"]
[EventDate "2015.04.11"]
[WhiteTeam "Solihull"]
[BlackTeam "Drunken Knights"]

1.e4 c6 2.d4 d5 3.exd5 cxd5 4.c4 Nf6 5.Nc3 Nc6 6.Nf3 Bg4 7.cxd5 Nxd5 8.Bd3
g6 9.h3 Bxf3 10.Qxf3 Nxc3 11.bxc3 Bg7 12.Rb1 Qa5 13.Bc4 O-O 14.O-O Qc7 15.
Bd5 Rac8 16.Bf4 Qd7 17.Rfe1 e6 18.Be4 b6 19.Bd3 Ne7 20.Ba6 Rcd8 21.Qe2 Nd5
22.Bd2 Nc7 23.Bc4 h6 24.Qe4 Kh7 25.h4 e5 26.h5 exd4 27.hxg6+ fxg6 28.Bd3 
Qf7 29.f4 dxc3 30.Be3 Rfe8 31.Qc4 Qxc4 32.Bxc4 c2 33.Rbc1 Rxe3 34.Rxe3 Bd4
35.Kf2 Re8 36.Rxc2 Rxe3 37.Kf1 Rc3 38.Rxc3 Bxc3 {and game was eventually 
drawn (!)} 1/2-1/2

[Event "Nat. Club Major"]
[Site "Birmingham ENG"]
[Date "2015.04.11"]
[Round "1.224"]
[White "Breed, Greg J"]
[Black "Sadler, Anthony"]
[Result "1-0"]
[WhiteElo "150"]
[BlackElo "160"]
[EventDate "2015.04.11"]
[WhiteTeam "Drunken Knights"]
[BlackTeam "Solihull"]

1.d4 g6 2.e4 Bg7 3.c4 d6 4.Nc3 Nc6 5.d5 Nb8 6.Be2 e5 7.Nf3 h6 8.Be3 Ne7 9.
Nd2 Nd7 10.O-O g5 11.b4 Ng6 12.c5 Nf4 13.cxd6 cxd6 14.Nb5 Nb6 15.Rc1 O-O 
16.a4 Bd7 17.a5 Bxb5 18.Bxb5 Nd7 19.Qa4 Nf6 20.f3 Ne8 21.Rfe1 h5 22.Rc2 g4
23.g3 Nh3+ 24.Kg2 a6 25.Be2 Nf6 26.Bb6 Qe8 27.Qxe8 Rfxe8 28.Be3 Rac8 29.
Rec1 Rxc2 30.Rxc2 Kh7 31.Rc7 Kg6 32.Nc4 gxf3+ 33.Bxf3 Ng5 34.Nxd6 Rb8 35.
Bxg5 Kxg5 36.Nxf7+ 1-0

[Event "Nat. Club Major"]
[Site "Birmingham ENG"]
[Date "2015.04.11"]
[Round "1.231"]
[White "Fielding, Thomas"]
[Black "Blades, Nigel"]
[Result "1-0"]
[WhiteElo "190"]
[BlackElo "179"]
[EventDate "2015.04.11"]
[WhiteTeam "DHSS 1"]
[BlackTeam "GLCC 1"]

1.d4 d5 2.c4 e6 3.Nc3 Nf6 4.Bg5 Nbd7 5.Nf3 c6 6.e3 Qa5 7.Nd2 Bb4 8.Qc2 
dxc4 9.Bxf6 Nxf6 10.Nxc4 Qc7 11.a3 Be7 12.Be2 Bd7 13.O-O O-O 14.b4 Rfd8 
15.Bf3 Be8 16.Qb3 Rac8 17.Rfc1 Qb8 18.Rd1 b6 19.a4 Nd5 20.Na2 c5 21.dxc5 
bxc5 22.b5 a6 23.b6 a5 24.Rab1 Rc6 25.Nc3 Nxc3 26.Qxc3 Rxd1+ 27.Bxd1 Bd8 
28.Qxa5 Bh4 29.g3 e5 30.Qa7 Qd8 31.b7 1-0

[Event "Nat. Club Major"]
[Site "Birmingham ENG"]
[Date "2015.04.11"]
[Round "1.232"]
[White "Ismailov, Roman"]
[Black "Cook, Gary"]
[Result "1/2-1/2"]
[WhiteElo "176"]
[BlackElo "173"]
[EventDate "2015.04.11"]
[WhiteTeam "GLCC 1"]
[BlackTeam "DHSS 1"]

1.e4 c5 2.g3 e6 3.Bg2 d5 4.exd5 exd5 5.d4 c4 6.Ne2 Bb4+ 7.c3 Be7 8.b3 Nf6 
9.bxc4 dxc4 10.Qa4+ Bd7 11.Qxc4 Bc6 12.O-O Bxg2 13.Kxg2 Qd5+ 14.Qxd5 Nxd5 
15.Na3 Nc6 16.Rb1 O-O-O 17.Nc4 Rhe8 18.Re1 Bf8 19.Bd2 h6 20.h4 f6 21.Nf4 
Nxf4+ 22.Bxf4 Rxe1 23.Rxe1 g5 24.hxg5 hxg5 25.Bc1 b5 26.Ne3 Re8 27.Rh1 b4 
28.d5 Ne5 29.c4 a5 30.Bd2 Bc5 31.Rh6 Bxe3 32.Bxe3 Nxc4 33.Bd4 Re2 34.Rxf6 
Kd7 35.Rc6 Nd6 36.Bc5 Nc8 37.Rg6 Re5 38.Rg7+ Ne7 39.d6 Rxc5 40.dxe7 a4 41.
e8=Q+ 1/2-1/2

[Event "Nat. Club Major"]
[Site "Birmingham ENG"]
[Date "2015.04.11"]
[Round "1.233"]
[White "Carlucci, Paul A"]
[Black "Packham, Tony"]
[Result "1/2-1/2"]
[WhiteElo "156"]
[BlackElo "169"]
[EventDate "2015.04.11"]
[WhiteTeam "DHSS 1"]
[BlackTeam "GLCC 1"]

1.d4 g6 2.Nf3 Bg7 3.e3 b6 4.Be2 Bb7 5.O-O d6 6.b3 Nd7 7.Bb2 e6 8.c4 Ne7 9.
Nbd2 O-O 10.Qc2 h6 11.Rfe1 f5 12.Bd3 e5 13.e4 Qc8 14.Rac1 fxe4 15.Nxe4 
Rxf3 16.gxf3 exd4 17.Nxd6 cxd6 18.Rxe7 Ne5 19.Rxg7+ Kxg7 20.Bxd4 Bxf3 21.
Bxe5+ dxe5 22.Kf1 Qg4 23.Ke1 Rd8 24.c5 Qb4+ 25.Kf1 e4 26.Qb2+ Qd4 27.Qxd4+
Rxd4 28.Be2 bxc5 29.Ke1 Rd5 30.Rc3 Bxe2 31.Kxe2 Kf6 32.Rc4 Ke5 33.Ra4 Rd7 
1/2-1/2

[Event "Nat. Club Major"]
[Site "Birmingham ENG"]
[Date "2015.04.11"]
[Round "1.234"]
[White "Ponulak, Czeslaw (Sebastian)"]
[Black "O'Gorman, Brendan"]
[Result "1/2-1/2"]
[WhiteElo "170"]
[BlackElo "152"]
[EventDate "2015.04.11"]
[WhiteTeam "GLCC 1"]
[BlackTeam "DHSS 1"]

1.d4 Nf6 2.Nf3 d5 3.c4 c6 4.Bf4 g6 5.Nc3 Bg7 6.e3 O-O 7.h3 Qa5 8.Be2 dxc4 
9.a4 Nd5 10.Bxb8 Rxb8 11.Qd2 b5 12.O-O b4 13.Ne4 c3 14.Qc1 cxb2 15.Qxb2 c5
16.Rfc1 cxd4 17.Nxd4 Bxd4 18.Qxd4 Nc3 19.Nxc3 bxc3 20.Qxc3 Qxc3 21.Rxc3 
Rb2 22.Bf3 Bb7 23.Rc7 Bxf3 24.gxf3 Rd8 25.Rxa7 Rdd2 26.Rf1 Ra2 27.f4 e6 
28.Kg2 Kg7 29.Kf3 Rdc2 30.Rd1 Rxf2+ 31.Ke4 Rfd2 32.Rxd2 Rxd2 33.a5 Ra2 34.
a6 Ra3 35.Ra8 h6 36.h4 h5 37.a7 Kf6 38.Kd4 Kf5 39.Kc5 Kg4 40.Kb6 1/2-1/2

[Event "Nat. Club Major"]
[Site "Birmingham ENG"]
[Date "2015.04.11"]
[Round "2.211"]
[White "Fielding, Thomas"]
[Black "Homer, Stephen J"]
[Result "1/2-1/2"]
[WhiteElo "190"]
[BlackElo "184"]
[EventDate "2015.04.11"]
[WhiteTeam "DHSS 1"]
[BlackTeam "Newton Abbot 1"]

1.d4 Nf6 2.c4 e6 3.Nc3 Bb4 4.f3 d5 5.a3 Bxc3+ 6.bxc3 O-O 7.e3 b6 8.cxd5 
exd5 9.Bd3 Ba6 10.Ne2 Bxd3 11.Qxd3 Re8 12.O-O Qc8 13.Ng3 Qa6 14.Qxa6 Nxa6 
15.Ra2 c5 16.Re2 cxd4 17.cxd4 Rac8 18.e4 h6 19.Nf5 Rc6 20.e5 Nd7 21.Re3 
Nf8 22.f4 Ne6 23.Rg3 Kh7 24.Be3 Rc3 25.Nd6 Rf8 26.f5 Nec7 27.f6 g5 28.h4 
Ne6 29.Nf5 Rg8 30.Rff3 Rxa3 31.Ne7 g4 32.Rf5 Nxd4 33.Rh5 Rg6 34.Nxg6 Kxg6 
35.Rxh6+ Kf5 36.Rh5+ Ke6 37.Kh2 Nf5 1/2-1/2

[Event "Nat. Club Major"]
[Site "Birmingham ENG"]
[Date "2015.04.11"]
[Round "2.212"]
[White "Fraser, John"]
[Black "Cook, Gary"]
[Result "1-0"]
[WhiteElo "177"]
[BlackElo "173"]
[EventDate "2015.04.11"]
[WhiteTeam "Newton Abbot 1"]
[BlackTeam "DHSS 1"]

1.e4 c5 2.Nf3 e6 3.d4 cxd4 4.Nxd4 a6 5.Bd3 Qc7 6.c4 d6 7.Nc3 b6 8.Be3 Bb7 
9.Rc1 Nf6 10.O-O Be7 11.f4 Nbd7 12.Qf3 O-O 13.g4 Rac8 14.g5 Ne8 15.Qh5 Qd8
16.Rf3 Nc5 17.Rh3 h6 18.Bb1 Kh8 19.f5 e5 20.f6 Bxf6 21.Nf5 Bxg5 22.Bxg5 
Nf6 23.Qh4 1-0

[Event "Nat. Club Major"]
[Site "Birmingham ENG"]
[Date "2015.04.11"]
[Round "2.213"]
[White "Carlucci, Paul A"]
[Black "Wilson, Matthew R"]
[Result "1/2-1/2"]
[WhiteElo "156"]
[BlackElo "157"]
[EventDate "2015.04.11"]
[WhiteTeam "DHSS 1"]
[BlackTeam "Newton Abbot 1"]

1.d4 Nf6 2.Nf3 e6 3.e3 b6 4.Be2 Bb7 5.O-O c5 6.b3 cxd4 7.exd4 Be7 8.Bb2 
O-O 9.Nbd2 d6 10.c4 Nbd7 11.Re1 Qc7 12.Rc1 Rac8 13.Bd3 Qb8 14.d5 e5 15.Bf5
g6 16.Bh3 Rc7 17.Nd4 Nc5 18.Nb5 Nd3 19.Ne4 Nxb2 20.Nxf6+ Bxf6 21.Qe2 Re7 
22.Qxb2 a6 23.Nc3 Bg7 24.Qd2 f5 25.Qe3 Bc8 26.Qd2 Bd7 27.g3 h6 28.Ne2 Ref7
29.f4 e4 30.Nd4 Qc8 31.Rcd1 Bxd4+ 32.Qxd4 Qc5 33.Bf1 Qxd4+ 34.Rxd4 h5 35.
Be2 Rb8 36.Rc1 Rff8 37.h3 Rfc8 38.g4 hxg4 39.hxg4 Kf7 40.Kg2 Rh8 41.Rdd1 
fxg4 42.Rh1 Bf5 43.Kg3 Rh3+ 44.Rxh3 gxh3 45.Rh1 Kf6 46.Rh2 Rg8 47.Bg4 Bxg4
48.Kxg4 Rh8 49.a3 e3 50.Kf3 Re8 51.Ke2 Kf5 52.Rxh3 Kxf4 53.Rf3+ Kg4 54.Rf6
1/2-1/2

[Event "Nat. Club Major"]
[Site "Birmingham ENG"]
[Date "2015.04.11"]
[Round "2.214"]
[White "Thynne, Trefor F"]
[Black "O'Gorman, Brendan"]
[Result "1/2-1/2"]
[WhiteElo "168"]
[BlackElo "152"]
[EventDate "2015.04.11"]
[WhiteTeam "Newton Abbot 1"]
[BlackTeam "DHSS 1"]

1.d4 Nf6 2.Nf3 d5 3.c4 c6 4.Nc3 dxc4 5.a4 Bf5 6.e3 e6 7.Bxc4 Bb4 8.O-O O-O
9.Qe2 Bg4 10.Rd1 Qa5 11.Bd2 Qh5 12.e4 c5 13.dxc5 Nc6 14.Bf4 Bxc5 15.e5 Nd5
16.Nxd5 exd5 17.Bxd5 Nd4 18.Qc4 Bxf3 19.Bxf3 Nxf3+ 20.gxf3 Qxf3 21.Qxc5 
Qxf4 22.Qd5 Qg5+ 1/2-1/2

[Event "Nat. Club Major"]
[Site "Birmingham ENG"]
[Date "2015.04.11"]
[Round "2.221"]
[White "Spearman, David"]
[Black "Smith, Olivia"]
[Result "1/2-1/2"]
[WhiteElo "188"]
[BlackElo "181"]
[EventDate "2015.04.11"]
[WhiteTeam "Wanstead & Woodford 1"]
[BlackTitle "WFM"]
[BlackTeam "Solihull"]

1.d4 Nf6 2.c3 d5 3.Bg5 Ne4 4.Bf4 c5 5.f3 Nf6 6.e3 Nc6 7.Bd3 Qb6 8.Qb3 c4 
9.Qxb6 axb6 10.Bc2 e6 11.Ne2 b5 12.O-O Be7 13.e4 O-O 14.Bg5 b4 15.e5 b3 
16.Bxb3 cxb3 17.exf6 gxf6 18.Bh6 Rxa2 19.Rxa2 bxa2 20.Nd2 Re8 21.Ra1 e5 
22.Rxa2 Bf5 23.Kf2 Bd6 24.h4 Bd3 25.Nc1 Ba6 26.dxe5 fxe5 27.Ra4 Re6 28.
Rg4+ Rg6 29.Rxg6+ hxg6 30.Ncb3 b5 31.Be3 Be7 32.g3 Bc8 33.Bc5 Bf6 34.Nf1 
d4 35.cxd4 exd4 36.Nc1 Bf5 37.Ke2 Na5 38.b4 Nb7 39.Ba7 Kf8 40.Nd2 Be7 41.
Nd3 Bxd3+ 42.Kxd3 Bxb4 43.Bxd4 Nc5+ 44.Bxc5+ Bxc5 45.Ne4 Bb6 46.g4 Ke7 47.
h5 f5 48.Nc3 Kf7 49.Nxb5 fxg4 50.fxg4 gxh5 1/2-1/2

[Event "Nat. Club Major"]
[Site "Birmingham ENG"]
[Date "2015.04.11"]
[Round "2.222"]
[White "Clarke, Neil"]
[Black "Reynolds, D Ian W"]
[Result "1/2-1/2"]
[WhiteElo "167"]
[BlackElo "186"]
[EventDate "2015.04.11"]
[WhiteTeam "Solihull"]
[BlackTeam "Wanstead & Woodford 1"]

1.Nf3 Nf6 2.g3 d5 3.Bg2 g6 4.O-O Bg7 5.c4 dxc4 6.Na3 Nc6 7.Nxc4 O-O 8.d3 
Rb8 9.Bd2 Nd5 10.Qc1 Re8 11.Rb1 Bg4 12.Ne3 Bxf3 13.Bxf3 Nd4 14.Nxd5 Nxf3+ 
15.exf3 Qxd5 16.Qxc7 Rbc8 17.Qf4 Rc2 18.Bc3 Qxd3 19.Bxg7 Kxg7 20.Qe5+ Kg8 
21.Qe4 Qxe4 22.fxe4 Rd8 23.Rfc1 Rxc1+ 24.Rxc1 Rd2 25.Rc7 Rxb2 26.Rxe7 a5 
27.h4 b5 28.h5 gxh5 29.Re5 a4 30.Rg5+ Kf8 31.Rxh5 b4 32.Rb5 a3 33.Kg2 Ke7 
34.Kf3 Kd6 35.Ke3 Kc6 36.Rb8 b3 37.axb3 a2 38.Ra8 Rxb3+ 39.Kd4 Rb2 40.f4 
Rg2 41.Ke5 1/2-1/2

[Event "Nat. Club Major"]
[Site "Birmingham ENG"]
[Date "2015.04.11"]
[Round "2.223"]
[White "Hunnable, Ian D"]
[Black "Carpenter, Raymond"]
[Result "1-0"]
[WhiteElo "172"]
[BlackElo "164"]
[EventDate "2015.04.11"]
[WhiteTeam "Wanstead & Woodford 1"]
[BlackTeam "Solihull"]

1.Nf3 f5 2.d4 Nf6 3.c4 e6 4.g3 b6 5.Bg2 Bb7 6.O-O Be7 7.Nc3 O-O 8.Bd2 Ne4 
9.Rc1 Nxd2 10.Qxd2 d6 11.Rcd1 Nd7 12.Qe3 Kf7 13.Ne5+ Nxe5 14.dxe5 Bxg2 15.
Kxg2 Qe8 16.Kg1 Qc6 17.b3 dxe5 18.Qxe5 Bf6 19.Qb5 Qe8 20.Qd7+ Qxd7 21.
Rxd7+ Ke8 22.Rd3 a6 23.Rfd1 Rd8 24.Rxd8+ Bxd8 25.e3 Rf7 26.f4 Rd7 27.Kf2 
Bf6 28.Rxd7 Kxd7 29.Nd1 Kc6 30.Ke2 Kc5 31.a3 h5 32.Kd3 h4 33.b4+ Kc6 34.
Nc3 hxg3 35.hxg3 b5 36.Nd1 Be7 37.c5 Bf6 38.e4 g5 39.e5 Be7 40.Ne3 gxf4 
41.gxf4 Bh4 42.Ng2 Bf2 43.Ke2 Bg1 44.Kd3 Kd5 45.Ne1 Bh2 46.Ng2 Bg1 47.Ne1 
Bd4 48.Ng2 a5 49.Ne1 axb4 50.axb4 Bf2 51.Nc2 Bg1 52.Na3 Kc6 53.Nc2 Bh2 54.
Nd4+ Kd7 55.c6+ Ke7 56.Ne2 Kf7 57.Ke3 Kg6 58.Kf3 Kh5 59.Kg2 Kg4 60.Kxh2 
Kf3 61.Nd4+ Kxf4 62.Nxe6+ Kxe5 63.Nxc7 Kd6 64.Nxb5+ Kxc6 65.Nc3 Kd6 66.Kg3
Ke5 67.Kf3 f4 68.b5 Kd6 69.Kxf4 Kc5 70.Ke5 Kb6 71.Kd6 Kb7 72.Nd5 Ka7 73.
Kc7 1-0

[Event "Nat. Club Major"]
[Site "Birmingham ENG"]
[Date "2015.04.11"]
[Round "2.224"]
[White "Roper, Paul"]
[Black "Smith, David"]
[Result "0-1"]
[WhiteElo "160"]
[BlackElo "148"]
[EventDate "2015.04.11"]
[WhiteTeam "Solihull"]
[BlackTeam "Wanstead & Woodford 1"]

1.e4 d6 2.Nc3 Nf6 3.f4 g6 4.Nf3 Bg7 5.Bc4 O-O 6.O-O c6 7.Qe1 b5 8.Bb3 a5 
9.a4 b4 10.e5 bxc3 11.exf6 cxd2 12.Bxd2 Bxf6 13.Bc3 Nd7 14.f5 Kg7 15.fxg6 
hxg6 16.Ng5 d5 17.Rf3 e5 18.Nh3 Re8 19.Nf2 Nc5 20.Ba2 d4 21.Bd2 e4 22.Rg3 
e3 23.Ng4 exd2 24.Qxd2 Bg5 25.Qf2 Be6 26.Bxe6 Rxe6 27.Rf3 Qd7 28.Rd1 Rd8 
29.c3 Ne4 30.Qf1 c5 31.cxd4 cxd4 32.Kh1 Nd2 33.Qd3 Nxf3 34.gxf3 Qxa4 35.b3
Qc6 36.Nf2 Be3 37.Ne4 f5 38.Ng5 Bxg5 0-1

[Event "Nat. Club Major"]
[Site "Birmingham ENG"]
[Date "2015.04.11"]
[Round "2.231"]
[White "Chan, Nevil"]
[Black "Blades, Nigel"]
[Result "1-0"]
[WhiteElo "179"]
[BlackElo "179"]
[EventDate "2015.04.11"]
[WhiteTeam "Drunken Knights"]
[BlackTeam "GLCC 1"]

1.d4 d5 2.Nc3 Nf6 3.Bg5 Bf5 4.Bxf6 exf6 5.e3 c6 6.Bd3 Bg6 7.h4 Bb4 8.h5 
Be4 9.Bxe4 Bxc3+ 10.bxc3 dxe4 11.Qg4 O-O 12.Qxe4 Qa5 13.Ne2 Nd7 14.g4 Rfe8
15.Qf5 Qxf5 16.gxf5 c5 17.Rb1 b6 18.Kd2 Rac8 19.Rbg1 Red8 20.Kc1 cxd4 21.
cxd4 Nb8 22.Rh3 Kh8 23.Rhg3 Rg8 24.Nf4 Nc6 25.Kd2 Rcd8 26.c3 Ne5 27.Ke2 
Nc4 28.e4 Rde8 29.f3 Nd6 30.Kd3 Rd8 31.R3g2 b5 32.Nd5 Nxf5 33.Nxf6 Nxd4 
34.cxd4 gxf6 35.Rxg8+ Rxg8 36.Rxg8+ Kxg8 37.d5 Kf8 38.Kd4 Ke7 39.Kc5 a6 
40.Kc6 Kd8 41.Kb6 Kd7 42.Kxa6 b4 43.Kb5 Kd6 44.Kxb4 f5 45.a4 fxe4 46.fxe4 
f5 47.exf5 1-0

[Event "Nat. Club Major"]
[Site "Birmingham ENG"]
[Date "2015.04.11"]
[Round "2.232"]
[White "Ismailov, Roman"]
[Black "Foley, John P"]
[Result "1/2-1/2"]
[WhiteElo "176"]
[BlackElo "178"]
[EventDate "2015.04.11"]
[WhiteTeam "GLCC 1"]
[BlackTeam "Drunken Knights"]

1.e4 c6 2.g3 d5 3.exd5 cxd5 4.d4 Nc6 5.Bg2 Nf6 6.Nf3 Bg4 7.c3 e6 8.O-O Bd6
9.Na3 O-O 10.Nc2 Rc8 11.Re1 h6 12.Ne3 Bh5 13.b3 Re8 14.h3 Ne4 15.Bb2 f5 
16.g4 fxg4 17.hxg4 Bg6 18.c4 Bb4 19.Re2 Rf8 20.Rc1 Rxf3 21.Bxf3 Qh4 22.Ng2
Qg5 23.a3 Bd6 24.Qe1 Rf8 25.Bxe4 Bxe4 26.Rxe4 dxe4 27.Qxe4 Nd8 28.d5 Bc5 
29.Rc2 exd5 30.Qxd5+ Qxd5 31.cxd5 b6 32.Bc1 Nf7 33.Be3 Bxe3 34.Nxe3 Nd6 
35.a4 g6 36.Kg2 h5 37.gxh5 gxh5 38.Nc4 Ne4 39.Re2 Nc5 40.d6 Rd8 41.Re5 
1/2-1/2

[Event "Nat. Club Major"]
[Site "Birmingham ENG"]
[Date "2015.04.11"]
[Round "2.233"]
[White "Kane, Robert (Bob) B"]
[Black "Packham, Tony"]
[Result "0-1"]
[WhiteElo "173"]
[BlackElo "169"]
[EventDate "2015.04.11"]
[WhiteTeam "Drunken Knights"]
[BlackTeam "GLCC 1"]

1.d4 g6 2.Nf3 Bg7 3.e4 b6 4.h4 Bb7 5.e5 e6 6.h5 Bh6 7.hxg6 hxg6 8.Nc3 Bg7 
9.Rxh8 Bxh8 10.Bg5 f6 11.exf6 Bxf6 12.Qd3 Bxf3 13.Qxf3 Nc6 14.Bd3 Nxd4 15.
Bxg6+ Ke7 16.Qf4 Qf8 17.O-O-O c5 18.Rxd4 cxd4 19.Ne4 Qg7 20.Qd6+ Kd8 21.
Bf4 Rc8 22.Bh5 Qe7 23.Nxf6 Nxf6 24.Qe5 d6 25.Qe2 Nxh5 26.Qxh5 Kc7 27.g4 
Rf8 28.Bg3 Qf7 29.Qb5 e5 30.a4 Qf3 31.g5 Qe4 32.Qc4+ Qc6 33.Qd3 Rf3 34.
Qh7+ Kb8 35.Qg8+ Kb7 36.Qh7+ Ka6 37.g6 d3 38.c3 Qxa4 39.Kb1 d2 0-1

[Event "Nat. Club Major"]
[Site "Birmingham ENG"]
[Date "2015.04.11"]
[Round "2.234"]
[White "Ponulak, Czeslaw (Sebastian)"]
[Black "Breed, Greg J"]
[Result "1-0"]
[WhiteElo "170"]
[BlackElo "150"]
[EventDate "2015.04.11"]
[WhiteTeam "GLCC 1"]
[BlackTeam "Drunken Knights"]

1.d4 Nf6 2.Nf3 e6 3.Bf4 g6 4.e3 Bg7 5.Nbd2 d5 6.c4 O-O 7.h3 Nbd7 8.c5 c6 
9.Be2 Ne4 10.Nxe4 dxe4 11.Nd2 f5 12.Bd6 Re8 13.Nc4 e5 14.d5 Qg5 15.g4 fxg4
16.hxg4 Nf6 17.dxc6 bxc6 18.Qa4 Bd7 19.O-O-O Bf8 20.Qc2 Bxd6 21.Nxd6 Rf8 
22.Qc4+ Kg7 23.Nxe4 1-0

[Event "Nat. Club Major"]
[Site "Birmingham ENG"]
[Date "2015.04.12"]
[Round "3.211"]
[White "Blades, Nigel"]
[Black "Homer, Stephen J"]
[Result "0-1"]
[WhiteElo "179"]
[BlackElo "184"]
[EventDate "2015.04.12"]
[WhiteTeam "GLCC 1"]
[BlackTeam "Newton Abbot 1"]

1.d4 Nf6 2.c4 e6 3.Nc3 b6 4.g3 Bb7 5.Bg2 Be7 6.Nf3 Ne4 7.Bd2 O-O 8.O-O f5 
9.Rc1 Bf6 10.d5 Na6 11.a3 Nac5 12.b4 Nxc3 13.Bxc3 Ne4 14.Bxf6 Qxf6 15.dxe6
dxe6 16.Qd7 Rf7 17.Qd4 Rd8 18.Qxf6 gxf6 19.e3 Nd2 20.Nxd2 Bxg2 21.Kxg2 
Rxd2 22.Rfd1 Rfd7 23.Rxd2 Rxd2 24.c5 b5 25.a4 Rb2 26.axb5 Rxb4 27.b6 axb6 
28.cxb6 cxb6 29.Rc7 Rb2 30.Rb7 b5 31.h4 b4 32.Kf3 h5 33.e4 fxe4+ 34.Kxe4 
Rxf2 35.Rxb4 Kf7 36.Ke3 Rf1 37.Rb5 Kg6 38.Ke2 Ra1 39.Kf3 e5 40.Rb3 Kf5 41.
Re3 Ra2 42.Rb3 Ra4 43.Rc3 e4+ 44.Ke3 Ra5 45.Rb3 Rd5 46.Rb8 Rd3+ 47.Kf2 Kg4
48.Rg8+ Kh3 49.Rg6 Rf3+ 50.Ke2 Rxg3 51.Rxf6 Kxh4 52.Rf4+ Rg4 53.Rf5 Rg2+ 
54.Ke3 Kg4 55.Rf4+ Kg3 56.Rxe4 h4 57.Re8 h3 58.Rg8+ Kh2 59.Rh8 Rg7 60.Kf3 
Rf7+ 61.Ke3 Kg2 62.Rg8+ Kh1 63.Rh8 h2 64.Rg8 Rf1 65.Ke2 Rg1 66.Rf8 Kg2 67.
Rg8+ Kh3 68.Rh8+ Kg3 69.Rg8+ Kf4 70.Rf8+ Ke5 0-1

[Event "Nat. Club Major"]
[Site "Birmingham ENG"]
[Date "2015.04.12"]
[Round "3.212"]
[White "Fraser, John"]
[Black "Ismailov, Roman"]
[Result "1/2-1/2"]
[WhiteElo "177"]
[BlackElo "176"]
[EventDate "2015.04.12"]
[WhiteTeam "Newton Abbot 1"]
[BlackTeam "GLCC 1"]

1.e4 c6 2.d4 d5 3.exd5 cxd5 4.c4 e6 5.Nc3 Nf6 6.Nf3 Nc6 7.cxd5 Nxd5 8.Bd3 
Be7 9.O-O O-O 10.Re1 Bf6 11.Be4 g6 12.Bh6 Bg7 13.Bg5 Bf6 14.Bh6 Bg7 15.Bg5
Bf6 16.Bxf6 Nxf6 17.Bc2 b6 18.a3 Bb7 19.Bb3 Ne7 20.Ne5 Ned5 21.Qd2 Kg7 22.
Rac1 Rc8 23.f3 Qe7 24.Ng4 1/2-1/2

[Event "Nat. Club Major"]
[Site "Birmingham ENG"]
[Date "2015.04.12"]
[Round "3.213"]
[White "Packham, Tony"]
[Black "Thynne, Trefor F"]
[Result "1/2-1/2"]
[WhiteElo "169"]
[BlackElo "168"]
[EventDate "2015.04.12"]
[WhiteTeam "GLCC 1"]
[BlackTeam "Newton Abbot 1"]

1.d4 d5 2.Bf4 Nf6 3.e3 c5 4.c3 Nc6 5.Bd3 e6 6.Nd2 Bd6 7.Bxd6 Qxd6 8.Ngf3 
O-O 9.O-O b6 10.Re1 Bb7 11.dxc5 Qxc5 12.e4 dxe4 13.Nxe4 Qe7 14.Nd6 Rfd8 
15.Nxb7 Qxb7 16.Qe2 Rd6 17.Rad1 Rad8 18.Ng5 Qd7 19.Bc2 Qe7 20.Rxd6 Rxd6 
21.Ne4 Nxe4 22.Bxe4 g6 23.Rd1 Qd7 24.Rxd6 Qxd6 25.Bxc6 Qxc6 26.Qd2 Qe4 27.
Qd1 Kg7 28.g3 Qc4 29.a3 a5 30.Qd2 a4 31.Kg2 b5 32.h4 h5 33.Kf3 e5 34.Ke3 
Qc5+ 35.Ke2 Qc4+ 36.Ke1 Qe4+ 37.Kf1 Qh1+ 38.Ke2 1/2-1/2

[Event "Nat. Club Major"]
[Site "Birmingham ENG"]
[Date "2015.04.12"]
[Round "3.214"]
[White "Wilson, Matthew R"]
[Black "Ponulak, Czeslaw (Sebastian)"]
[Result "1-0"]
[WhiteElo "157"]
[BlackElo "170"]
[EventDate "2015.04.12"]
[WhiteTeam "Newton Abbot 1"]
[BlackTeam "GLCC 1"]

1.e4 c6 2.d4 d5 3.exd5 cxd5 4.Bd3 Nc6 5.c3 Nf6 6.Bf4 Qb6 7.Qc2 Bg4 8.Nd2 
e6 9.Ngf3 Rc8 10.a3 a5 11.Ne5 Bh5 12.Ndf3 Be7 13.O-O O-O 14.Rfe1 Rfd8 15.
h3 Bxf3 16.Nxf3 h6 17.Qe2 Nd7 18.Rab1 Bf6 19.Ne5 g5 20.Nxd7 Rxd7 21.Qg4 
Bg7 22.Bd2 Qd8 23.f4 f5 24.Qg3 gxf4 25.Bxf4 Qf6 26.Bb5 Re8 27.Re2 Kf7 28.
Rbe1 Rde7 29.Bd6 Rd7 30.Be5 Nxe5 31.dxe5 Qe7 32.Bxd7 Qxd7 33.Qf3 Rc8 34.g4
Qe7 35.gxf5 Qg5+ 36.Rg2 Qxf5 37.Qxf5+ exf5 38.e6+ Kf6 39.e7 Re8 40.Rge2 
1-0